| 000 | 00471nam a2200157Ia 4500 | ||
|---|---|---|---|
| 020 | _a0717245470 | ||
| 082 |
_a423 _bNEW _cL-31, P-97 |
||
| 245 | _aThe New lexicon webster's dictionary of the english language | ||
| 260 |
_aNew York _bLexicon Publications _c1987 |
||
| 300 | _a704p | ||
| 500 | _aLibrary has: 2 Volumes (set) | ||
| 526 |
_a0 _b0 _c0 _d423_000000000000000_NEW |
||
| 650 |
_aEnglish Language -- Dictionaries _947103 |
||
| 650 |
_aMCE _9379 |
||
| 942 |
_2ddc _cBK |
||
| 999 |
_c550400 _d550400 |
||